000
00296nam a22001337a 4500
008
180306b xxu||||| |||| 00| 0 eng d
020
_a
9780140056433
041
_a
eng
080
_a
821
100
_a
21
101
_a
GJL
245
_a
Myths of Greece and Rome
_c
Bulfinch, TH
942
_2
udc
_c
BK
999
_c
44137
_d
44137